| 000 | 00346nam a2200145Ia 4500 | ||
|---|---|---|---|
| 005 | 20251223000718.0 | ||
| 008 | 251222s9999||||xx |||||||||||||| ||spa|| | ||
| 020 | _a9972992993 | ||
| 082 | _a370.11/G51 | ||
| 100 | _aGiussani, Luigi | ||
| 245 | 0 | _aEducar es un Riesgo | |
| 250 | _a1ra.ed. | ||
| 264 | _bFondo Ed.UCSS - Encuentro | ||
| 942 | _cLIB | ||
| 999 |
_c41551 _d41551 |
||